[Event "It (open)"]
[Site "Eger (Hungary)"]
[Round "0"]
[White "Fogarasi Tibor (HUN)"]
[Black "Fette Martin (GER)"]
[Result "1/2-1/2"]
[WhiteElo "2404"]
[BlackElo "2293"]

1.e4 c6 2.d4 d5 3.Nc3 dxe4 4.Nxe4 Bf5 5.Ng3 Bg6 6.h4 h6 7.f4 e6 8.h5 Bh7 9.Nf3
Nd7 10.Bd3 Bxd3 11.Qxd3 Ngf6 12.Bd2 Qc7 13.O-O-O O-O-O 14.Qe2 c5 15.Ne5 Nb6
16.dxc5 Bxc5 17.Kb1 Rhe8 18.Bc1 Kb8 19.c4 Bd4 20.Nxf7 Qxf7 21.Rxd4 Rxd4
22.Qe5+ Qc7 23.Qxd4 Nxc4 24.b3 Nb6 25.Bb2 Nbd5 26.Rc1 Qf7 27.Qc5 b6 28.Be5+
Ka8 29.Qb5 Qd7 30.Qe2 Rc8 31.Rxc8+ Qxc8 32.Ne4 Qc6 33.Qc4 Qd7 34.Qe2 {#d}
1/2-1/2

[Event "Ch Europe (juniors)"]
[Site "Groningen (Netherlands)"]
[Round "0"]
[White "Pedzich Dominik (POL)"]
[Black "Morais Vitor (POR)"]
[Result "1-0"]
[WhiteElo "2418"]
[BlackElo "1989"]

1.e4 c6 2.d4 d5 3.Nc3 dxe4 4.Nxe4 Bf5 5.Ng3 Bg6 6.h4 h6 7.f4 e6 8.h5 Bh7 9.Nf3
Nd7 10.Bd3 Bxd3 11.Qxd3 Qc7 12.Bd2 Ngf6 13.O-O-O O-O-O 14.Qe2 Bd6 15.Ne5 Rhf8
16.c4 c5 17.Bc3 cxd4 18.Rxd4 Bc5 19.Rdd1 Qb6 20.Kb1 Kb8 21.Rhf1 Ka8 22.Qf3 Qc7
23.Rd3 Nb6 24.Rfd1 Na4 25.Be1 Bd6 26.Bf2 Nc5 27.R3d2 Be7 28.Rxd8+ Rxd8 29.Bd4
Rf8 30.b3 Bd6 31.Bc3 Ne8 32.Ne4 Nxe4 33.Qxe4 Nf6 34.Qe2 Qe7 35.g4 Rd8 36.Ba5
Rf8 37.Qd2 Bc7 38.Bb4 Qd8 39.Bxf8 Qxf8 40.Qd4 a6 41.Rd3 Qb4 42.Rd1 Bb6 43.Qd6
Qxd6 44.Rxd6 Be3 45.Nxf7 Bxf4 46.Rxe6 Bg3 47.Nxh6 {#r} 1-0

[Event "Ch URS (team) (juniors)"]
[Site "Kramatorsk (Ukraine)"]
[Round "0"]
[White "Maljutin Evgeni (RUS)"]
[Black "Guliev Sarhan (AZE)"]
[Result "1-0"]
[WhiteElo "2491"]
[BlackElo "2523"]

1.e4 c6 2.d4 d5 3.Nd2 dxe4 4.Nxe4 Bf5 5.Ng3 Bg6 6.h4 h6 7.f4 e6 8.Nf3 Nd7 9.h5
Bh7 10.Bd3 Bxd3 11.Qxd3 Ngf6 12.Bd2 c5 13.O-O-O cxd4 14.Nxd4 Nc5 15.Qb5+ Qd7
16.Qxd7+ Ncxd7 17.f5 Bd6 18.fxe6 fxe6 19.Nge2 Kf7 20.Rhf1 a6 21.Bc3 Ke7
22.Nxe6 Kxe6 23.Nd4+ Kf7 24.Nb3 Ke6 25.Rfe1+ Be5 26.Nc5+ Kf5 27.Nxd7 Bxc3
28.bxc3 Rhe8 29.Rf1+ Kg5 30.Nxf6 gxf6 31.Rd7 Rg8 32.Rd5+ Kh4 33.Rxf6 Rxg2
34.Rxh6 Rc8 35.Rd4+ Kh3 36.Rg6 Rxc3 37.Rd3+ Rxd3 38.cxd3 Rf2 39.h6 Rf8 40.h7
Rh8 41.Rg7 Kh4 42.d4 Kh5 43.d5 Kh6 44.Rxb7 Kg6 45.Kc2 Kf6 46.Kd3 Ke5 47.Rd7
Rf8 48.Kc4 Rc8+ 49.Kb4 Ra8 50.Kc5 {#r} 1-0

[Event "It \"]
[Site "Buenos Aires (Argentina)"]
[Round "9"]
[White "Gomez Baillo Jorge H (ARG)"]
[Black "Foguelman Alberto (ARG)"]
[Result "1-0"]
[WhiteElo "2386"]
[BlackElo "2310"]

1.e4 c6 2.d4 d5 3.Nd2 dxe4 4.Nxe4 Bf5 5.Ng3 Bg6 6.h4 h6 7.f4 e6 8.Nf3 Nd7 9.h5
Bh7 10.Bd3 Bxd3 11.Qxd3 Qc7 12.Bd2 O-O-O 13.Qe2 c5 14.Ne5 Nxe5 15.dxe5 Ne7
16.O-O-O Nc6 17.Be3 Be7 18.Ne4 Nb4 19.Kb1 Qc6 20.Bf2 Rxd1+ 21.Rxd1 Rd8
22.Rxd8+ Kxd8 23.c4 b6 24.a3 Na6 25.Qd3+ Qd7 26.Kc2 Qxd3+ 27.Kxd3 Nb8 28.Be1
Nc6 29.Bc3 g6 30.g4 gxh5 31.gxh5 Ke8 32.Nf6+ Kd8 33.Ke4 Bf8 34.Ng4 Ne7 35.Ne3
Kd7 36.a4 Nc6 37.b3 Kd8 38.f5 Ne7 39.f6 Nc6 40.Ng4 Kc8 41.Bd2 Nd4 42.Nxh6 Nxb3
43.Be3 Nd4 44.Ng4 Nf5 45.h6 Nh4 46.h7 Ng6 47.Bh6 Bxh6 48.Nxh6 a6 49.Ng8 Kd7
50.Ne7 Nh8 51.Kd3 Kc7 52.Kc3 Kb7 53.Kb3 Kc7 54.Ng8 Kd7 55.Nh6 Kc6 56.Ng4 b5
57.Nf2 bxc4+ 58.Kxc4 Ng6 59.Nd3 a5 60.Nf4 Nh8 61.Kc3 Kb6 62.Kd3 Kc7 63.Ng2 Ng6
64.Ke4 c4 65.Nh4 Nh8 66.Kd4 Kb6 67.Kxc4 Kc6 68.Nf3 {#r} 1-0

[Event "It (open)"]
[Site "Dortmund (Germany)"]
[Round "8"]
[White "Neumeier Klaus (AUT)"]
[Black "Roesemann Rainer (GER)"]
[Result "1-0"]
[WhiteElo "2293"]
[BlackElo "2281"]

1.e4 c6 2.d4 d5 3.Nc3 dxe4 4.Nxe4 Bf5 5.Ng3 Bg6 6.h4 h6 7.f4 Nf6 8.h5 Bh7
9.Nf3 Nbd7 10.Bd3 Bxd3 11.Qxd3 Qc7 12.Bd2 e6 13.Qe2 O-O-O 14.O-O-O Nd5 15.Ne5
N7f6 16.c4 Nb4 17.Qe1 Na6 18.Ba5 b6 19.Bc3 c5 20.Qe2 cxd4 21.Bxd4 Nb4 22.Qf3
Nd7 23.Nxf7 Qxc4+ 24.Bc3 Nxa2+ 25.Kb1 Nxc3+ 26.Qxc3 Qxc3 27.bxc3 Be7 28.Nxh8
Rxh8 29.Ne4 Kc7 30.Rd3 b5 31.Rg3 Rg8 32.Rd1 Nb6 33.Rg6 {#r} 1-0

[Event "Zt"]
[Site "Lyons (France)"]
[Round "4"]
[White "Koch Jean-Rene (FRA)"]
[Black "Van Der Sterren Paul (NED)"]
[Result "0-1"]
[WhiteElo "2425"]
[BlackElo "2515"]

1.e4 c6 2.d4 d5 3.Nd2 dxe4 4.Nxe4 Bf5 5.Ng3 Bg6 6.h4 h6 7.f4 e6 8.Nf3 Nd7 9.h5
Bh7 10.Bd3 Bxd3 11.Qxd3 Qc7 12.Bd2 O-O-O 13.Qe2 Ngf6 14.O-O-O c5 15.Ne5 Nb6
16.dxc5 Bxc5 17.Kb1 Bd4 18.Rhe1 Kb8 19.Bc1 Bxe5 20.Rxd8+ Rxd8 21.fxe5 Nfd5
22.Qf2 Nc4 23.Ne2 Nxe5 24.Qg3 f6 25.Nd4 Nb4 26.c3 Rxd4 27.cxd4 Qc2+ 28.Ka1 Qa4
29.a3 Nc2+ 30.Ka2 Nxe1 31.dxe5 Qc4+ 32.Kb1 Qc2+ 33.Ka2 Nd3 34.exf6+ e5 35.fxg7
Qc4+ {#R} 0-1

[Event "Olympiad"]
[Site "Novi Sad (Yugoslavia)"]
[Round "0"]
[White "Gomez Baillo Jorge H (ARG)"]
[Black "Saleh Nagueb (UAE)"]
[Result "1-0"]
[WhiteElo "2386"]
[BlackElo "2220"]

1.e4 c6 2.d4 d5 3.Nd2 dxe4 4.Nxe4 Bf5 5.Ng3 Bg6 6.h4 h6 7.f4 e6 8.Nf3 Nd7 9.h5
Bh7 10.Bd3 Bxd3 11.Qxd3 Qc7 12.Bd2 Ngf6 13.O-O-O O-O-O 14.Qe2 Nd5 15.Ne5 Nxe5
16.dxe5 Qb6 17.Ne4 Be7 18.Kb1 Ba3 19.Bc1 Nxf4 20.Qf3 {#r} 1-0

[Event "It (open)"]
[Site "St. Ingbert (Germany)"]
[Round "1"]
[White "Pytel Bozena (FRA)"]
[Black "Spenler Natascha"]
[Result "1-0"]
[WhiteElo "1919"]
[BlackElo "1750"]

1.e4 c6 2.d4 d5 3.Nd2 dxe4 4.Nxe4 Bf5 5.Ng3 Bg6 6.h4 h6 7.f4 e6 8.h5 Bh7 9.Bd3
Qxd4 10.Nf3 Bb4+ 11.Bd2 Qxf4 12.Ne2 Bxd2+ 13.Nxd2 Qc7 14.Bxh7 Rxh7 15.Ne4 Ke7
16.Qd3 Rh8 17.O-O-O Na6 18.Rhf1 Nf6 19.Qa3+ c5 20.Qf3 Qc6 21.Nxf6 Qxf3 22.Rd7+
Kf8 23.Rxf3 gxf6 24.Rxf6 Rh7 25.Rxe6 Re8 26.Nf4 c4 27.Ng6+ fxg6 28.Rxe8+ Kxe8
29.Rxh7 gxh5 30.Rxh6 Nc5 31.Rxh5 b6 32.Rxc5 bxc5 33.Kd2 {#r} 1-0

[Event "Ch Yugoslavia"]
[Site "Banja Vrucica (Bosnia & Herzegovina)"]
[Round "0"]
[White "Bakic Dragan (SRB)"]
[Black "Burovic Ismet (BIH)"]
[Result "1/2-1/2"]
[WhiteElo "2243"]
[BlackElo "2319"]

1.e4 c6 2.d4 d5 3.Nd2 dxe4 4.Nxe4 Bf5 5.Ng3 Bg6 6.h4 h6 7.f4 e6 8.h5 Bh7 9.Nf3
Bd6 10.Bd3 Bxd3 11.Qxd3 Nf6 12.Bd2 Na6 13.O-O-O Qc7 14.Ne5 O-O-O 15.Ne4 Nxe4
16.Qxe4 c5 17.Bc3 Kb8 18.Kb1 Bxe5 19.dxe5 Rxd1+ 20.Rxd1 Rd8 21.Rd6 f6 22.Rxd8+
Qxd8 23.Qf3 f5 24.a3 Nc7 25.g4 fxg4 26.Qxg4 Qd7 27.Qg6 b6 28.Kc1 Qe8 29.f5 Qb5
30.f6 Qf1+ 31.Kd2 Qf2+ 32.Kd1 Qf3+ {#d} 1/2-1/2

[Event "Ch France (accession)"]
[Site "Montpellier (France)"]
[Round "7"]
[White "Berthelot Yannick (FRA)"]
[Black "Bouton Christophe (FRA)"]
[Result "0-1"]
[WhiteElo "2286"]
[BlackElo "2105"]

1.e4 c6 2.d4 d5 3.Nc3 dxe4 4.Nxe4 Bf5 5.Ng3 Bg6 6.h4 h6 7.f4 e6 8.Nf3 Nd7 9.h5
Bh7 10.Bd3 Bxd3 11.Qxd3 Qc7 12.Bd2 Ngf6 13.Qe2 Bd6 14.Ne5 O-O 15.c4 c5 16.Bc3
cxd4 17.Bxd4 Bb4+ 18.Kf2 Bc5 19.Rhd1 Nxe5 20.fxe5 Nd7 21.Kf1 Bxd4 22.Rxd4 Nxe5
23.Rad1 Nc6 {#R} 0-1

[Event "Ch France (accession)"]
[Site "Montpellier (France)"]
[Round "9"]
[White "Nemirovski Serge (FRA)"]
[Black "Prevot Jean-Luc (FRA)"]
[Result "1/2-1/2"]
[WhiteElo "2221"]
[BlackElo "2049"]

1.e4 c6 2.d4 d5 3.Nd2 dxe4 4.Nxe4 Bf5 5.Ng3 Bg6 6.h4 h6 7.f4 e6 8.Nf3 Nf6 9.h5
Bh7 10.Bd3 Bxd3 11.Qxd3 Qa5+ 12.Bd2 Qa6 13.Qb3 Qb5 14.Qxb5 cxb5 15.O-O-O Bd6
16.Rhe1 O-O 17.Ne4 Nxe4 18.Rxe4 Nd7 19.Re2 Rfe8 20.g4 Nf6 21.g5 Nd5 22.Ne5
Bxe5 23.fxe5 hxg5 24.Bxg5 f6 25.Bd2 Kf7 26.h6 Rh8 27.Rde1 f5 28.hxg7 Kxg7
29.Rg2+ Kf7 30.Bg5 Rag8 31.Kd2 Rh5 32.Reg1 {#d} 1/2-1/2

[Event "It (open)"]
[Site "New York (USA)"]
[Round "0"]
[White "Jonasson Benedikt (ISL)"]
[Black "Sidelnikov Alexander (USA)"]
[Result "1/2-1/2"]
[WhiteElo "2237"]
[BlackElo "2255"]

1.e4 c6 2.d4 d5 3.Nc3 dxe4 4.Nxe4 Bf5 5.Ng3 Bg6 6.h4 h6 7.f4 e6 8.Nf3 Nd7
9.Ne5 Nxe5 10.fxe5 Ne7 11.h5 Bh7 12.c3 Qd5 13.Qf3 O-O-O 14.Be3 Qxf3 15.gxf3
Nd5 16.Kf2 Be7 17.Ne4 Bxe4 18.fxe4 Nxe3 19.Kxe3 Bg5+ 20.Kd3 f6 21.Bh3 Rhe8
22.exf6 gxf6 23.b4 Kc7 24.Kc4 a6 25.a4 b6 26.Rhd1 Kd6 27.Rd3 Rg8 {#d} 1/2-1/2

[Event "Ch Bulgaria (team) (w)"]
[Site "Bankja (Bulgaria)"]
[Round "0"]
[White "Danova Tanja (BUL)"]
[Black "Nestorova-Petrova Lozanka (BUL)"]
[Result "1/2-1/2"]
[WhiteElo "2125"]
[BlackElo "2035"]

1.e4 c6 2.d4 d5 3.Nd2 dxe4 4.Nxe4 Bf5 5.Ng3 Bg6 6.h4 h6 7.f4 e6 8.Nf3 Nd7 9.h5
Bh7 10.Bd3 Bxd3 11.Qxd3 Qc7 12.Ne4 Ngf6 13.Bd2 O-O-O 14.O-O-O Nxe4 15.Qxe4 Nf6
16.Qe2 Bd6 17.Ne5 c5 18.dxc5 Bxc5 19.Rh3 Nd5 20.Qc4 f6 21.Nf7 Qxf7 22.Qxc5+
Kb8 23.Ra3 Nb6 24.Qa5 Nc8 25.c4 Rd4 26.Rc3 Rhd8 27.Rc2 Qd7 28.Re1 Qc6 29.Be3
Rd3 30.b3 b6 31.Qb4 Qb7 32.c5 bxc5 33.Bxc5 Qxb4 34.Bxb4 R3d4 35.Ba5 R8d7
36.Rxe6 Nd6 37.Rd2 Rxd2 38.Bxd2 Nf5 39.g4 Nd4 40.Re8+ Kb7 41.Be3 Nf3 42.Kb2
Nh2 43.g5 fxg5 44.fxg5 Ng4 45.Bc1 hxg5 46.Bxg5 Nf6 47.Bxf6 gxf6 48.Rh8 Rd2+
49.Ka3 Rh2 50.h6 f5 51.b4 f4 52.Kb3 f3 53.Rf8 Rxh6 54.Rxf3 Rb6 55.Ka4 Rg6
56.Rf5 a6 57.a3 Rh6 58.Rd5 {#d} 1/2-1/2

[Event "It (open)"]
[Site "Bled (Slovenia)"]
[Round "1"]
[White "Ankerst Mihael (SLO)"]
[Black "Ivacic Vladimir (SLO)"]
[Result "1-0"]
[WhiteElo "2370"]
[BlackElo "2224"]

1.e4 c6 2.d4 d5 3.Nd2 dxe4 4.Nxe4 Bf5 5.Ng3 Bg6 6.h4 h6 7.f4 e6 8.Nf3 Nd7 9.h5
Bh7 10.Bd3 Bxd3 11.Qxd3 Qc7 12.Ne5 Ngf6 13.Bd2 Bd6 14.O-O-O O-O 15.Ne4 Nxe4
16.Qxe4 f5 17.Qf3 Nf6 18.Rhg1 Rad8 19.Ng6 Rfe8 20.Be1 Rd7 21.Bh4 Ng4 22.Rge1
Qa5 23.Qb3 Kf7 24.Rxe6 Qd5 25.Qxd5 cxd5 26.Rxe8 Kxe8 27.Re1+ Kf7 28.Ne5+ Bxe5
29.dxe5 Ke6 30.Kd2 Rc7 31.Bg3 Rc4 32.c3 Ra4 33.a3 b5 34.Rf1 a5 35.Rf3 Re4
36.Bf2 a4 37.Bg1 Kf7 38.g3 g6 39.hxg6+ Kxg6 40.Rd3 {#r} 1-0

[Event "It"]
[Site "Budapest (Hungary)"]
[Round "6"]
[White "Hansen Soren Bech (DEN)"]
[Black "Tangborn Eric (USA)"]
[Result "0-1"]
[WhiteElo "2245"]
[BlackElo "2455"]

1.e4 c6 2.d4 d5 3.Nc3 dxe4 4.Nxe4 Bf5 5.Ng3 Bg6 6.h4 h6 7.f4 e6 8.Nf3 Nf6
9.Ne5 Bh7 10.Bc4 Nbd7 11.Qe2 Nxe5 12.dxe5 Nd5 13.Ne4 Qb6 14.c3 O-O-O 15.Bxd5
Rxd5 16.Be3 Qd8 17.Bxa7 Bxe4 18.Qxe4 b6 19.c4 Bb4+ 20.Kf1 Rd1+ 21.Rxd1 Qxd1+
22.Kf2 Qd2+ 23.Kf3 Kb7 24.a3 Bc5 25.b4 Bd4 26.Bxb6 Kxb6 27.c5+ Kc7 28.Rb1 g5
29.hxg5 hxg5 30.b5 Qf2+ 31.Kg4 Rh4+ 32.Kxg5 Qg3+ {#R} 0-1

[Event "It (open)"]
[Site "Katowice (Poland)"]
[Round "0"]
[White "Kaminski Marcin (POL)"]
[Black "Urban Klaudiusz (POL)"]
[Result "0-1"]
[WhiteElo "2440"]
[BlackElo "2455"]

1.e4 c6 2.d4 d5 3.Nc3 dxe4 4.Nxe4 Bf5 5.Ng3 Bg6 6.h4 h6 7.f4 e6 8.Nf3 Nd7 9.h5
Bh7 10.Bd3 Bxd3 11.Qxd3 Qc7 12.Bd2 O-O-O 13.Qe2 Ngf6 14.O-O-O Bd6 15.Ne5 Rhf8
16.Rhf1 c5 17.Nc4 cxd4 18.Nxd6+ Qxd6 19.Bc3 Kb8 20.Bxd4 Qc6 21.Rf3 a6 22.Kb1
Rc8 23.Rc3 Qa4 24.Ne4 Ka8 25.Rxc8+ Rxc8 26.Nd6 Rf8 27.Qf3 Qc6 28.Qxc6 bxc6
29.g4 Nxg4 30.Bxg7 Rg8 31.Bc3 f5 32.Nf7 Ngf6 33.Nxh6 Rg7 34.b3 Rh7 35.Bxf6
Nxf6 36.Ng8 Nd5 37.Rf1 Rxh5 38.c4 Nc3+ 39.Kb2 Ne4 40.Ne7 Kb7 41.Ng6 Rh2+
42.Ka3 a5 43.Nf8 Nc5 44.Re1 Nd3 45.Ra1 Nxf4 46.b4 Rh3+ 47.Ka4 axb4 48.Kxb4
Nd3+ 49.Ka5 e5 50.Rg1 Kc7 51.Rg7+ Kd6 52.Kb6 e4 53.Rd7+ Ke5 54.a4 Nb2 55.Kxc6
Nxa4 56.Ng6+ Kf6 57.Nf4 Rb3 58.Nd5+ Ke5 59.c5 e3 60.Re7+ Kd4 61.Nf4 Nxc5
62.Ne2+ Kd3 63.Nf4+ Kc4 64.Kd6 Ne4+ 65.Ke6 Ng3 66.Kf6 Kd4 67.Rd7+ Ke4 68.Kg5
Kf3 69.Re7 Ne4+ 70.Kxf5 Rb5+ 71.Re5 Nd6+ {#R} 0-1

[Event "It (open) \"]
[Site "Buenos Aires (Argentina)"]
[Round "7"]
[White "Gomez Baillo Jorge H (ARG)"]
[Black "Kanefsck Gustavo (ARG)"]
[Result "1/2-1/2"]
[WhiteElo "2395"]
[BlackElo "2370"]

1.e4 c6 2.d4 d5 3.Nd2 dxe4 4.Nxe4 Bf5 5.Ng3 Bg6 6.h4 h6 7.f4 e6 8.Nf3 Nd7 9.h5
Bh7 10.Bd3 Bxd3 11.Qxd3 Qc7 12.Bd2 O-O-O 13.Qe2 Ngf6 14.O-O-O Nb6 15.Kb1 c5
16.dxc5 Bxc5 17.c4 Na4 18.Rc1 Qb6 19.Rc2 Kb8 20.Rf1 Ka8 21.b3 Ba3 22.Ne5 Nc5
23.Bc3 Rhf8 24.Bb2 Bxb2 25.Rxb2 Rd4 26.Ka1 Nce4 27.Nxe4 Nxe4 28.Rc1 f5 29.c5
Qc7 {#d} 1/2-1/2

[Event "It (open)"]
[Site "Calcutta (India)"]
[Round "0"]
[White "Prasad Devaki V (IND)"]
[Black "Ravi Thandalam Shanmugam (IND)"]
[Result "1-0"]
[WhiteElo "2365"]
[BlackElo "2327"]

1.e4 c6 2.d4 d5 3.Nd2 dxe4 4.Nxe4 Bf5 5.Ng3 Bg6 6.h4 h6 7.f4 e6 8.Nf3 Nd7 9.h5
Bh7 10.Bd3 Bxd3 11.Qxd3 Qc7 12.Bd2 Ngf6 13.Ne5 c5 14.O-O-O cxd4 15.Qxd4 Bc5
16.Qc4 Bb6 17.Qe2 Rc8 18.Bb4 Nxe5 19.fxe5 Nd5 20.Rxd5 exd5 21.Nf5 Bc5 22.Nd6+
Kf8 23.Bxc5 Qxc5 24.Nxc8 Qxc8 25.Rd1 Qc6 26.Qf3 Ke7 27.Rxd5 Rc8 28.c3 b5
29.Qe4 a5 30.Qd4 b4 31.Kd2 bxc3+ 32.bxc3 Rb8 33.Ke3 Rc8 34.Kf2 Rb8 35.Kg3 Rb2
36.c4 Rxa2 37.Qa7+ Ke8 38.Qb8+ Ke7 39.Qd8+ Ke6 40.Rd6+ {#r} 1-0

[Event "Ch France (team)"]
[Site "France"]
[Round "0"]
[White "Berthelot Yannick (FRA)"]
[Black "Bersoult Francois (FRA)"]
[Result "1-0"]
[WhiteElo "2286"]
[BlackElo "2193"]

1.e4 c6 2.d4 d5 3.Nc3 dxe4 4.Nxe4 Bf5 5.Ng3 Bg6 6.h4 h6 7.f4 e6 8.Nf3 Nd7 9.h5
Bh7 10.Bd3 Bxd3 11.Qxd3 Qc7 12.Bd2 Ngf6 13.O-O-O O-O-O 14.Qe2 Bd6 15.Ne5 Rhf8
16.c4 c5 17.Bc3 Nb6 18.dxc5 Bxc5 19.Ba5 Qe7 20.Ne4 Nxe4 21.Qxe4 Rd6 22.Rxd6
Bxd6 23.Bxb6 axb6 24.Rd1 Rd8 25.Nf3 Bc5 26.Rxd8+ Qxd8 27.Kc2 Qd7 28.b3 f6
29.g4 Qc6 30.Qxc6+ bxc6 31.Kd3 Kd7 32.Ke4 Bf2 33.Nd2 Be1 34.Nf1 Bc3 35.Ne3 Bb2
36.Nd1 Ba3 37.Nf2 Bc1 38.Nd3 Bd2 39.Nb2 Bb4 40.Na4 Kc7 41.Nb2 Kd7 42.Nd3 Be7
43.a4 Kc7 44.Ne1 Bc5 45.Nf3 Kd6 46.Kd3 Bf2 47.f5 Bc5 48.fxe6 Kxe6 49.Ke4 Bf2
50.b4 c5 51.a5 bxa5 52.bxa5 {#r} 1-0

[Event "Ch France (team)"]
[Site "France"]
[Round "0"]
[White "Berthelot Yannick (FRA)"]
[Black "Haik Aldo (FRA)"]
[Result "1/2-1/2"]
[WhiteElo "2286"]
[BlackElo "2390"]

1.e4 c6 2.d4 d5 3.Nc3 dxe4 4.Nxe4 Bf5 5.Ng3 Bg6 6.h4 h6 7.f4 e6 8.Nf3 Nd7 9.h5
Bh7 10.Bd3 Qa5+ 11.Bd2 Bb4 12.Bxh7 Bxd2+ 13.Qxd2 Qxd2+ 14.Nxd2 Rxh7 15.f5 exf5
16.Nxf5 O-O-O 17.O-O-O g6 18.Ng3 Ngf6 19.Nde4 Rg8 20.Rdf1 Nxe4 21.Nxe4 gxh5
22.Rxf7 Rxf7 23.Nd6+ Kc7 24.Nxf7 Rxg2 25.Rxh5 Rg1+ 26.Kd2 Rg2+ 27.Kc1 Rg1+
28.Kd2 Rg2+ 29.Kc3 Rg3+ 30.Kd2 {#d} 1/2-1/2

[Event "Oberliga North 1993/94"]
[Site "Germany"]
[Round "0"]
[White "Kreuzholz Michael (GER)"]
[Black "Hasselmann Dieter (GER)"]
[Result "1-0"]
[WhiteElo "2365"]
[BlackElo "2150"]

1.e4 c6 2.d4 d5 3.Nc3 dxe4 4.Nxe4 Bf5 5.Ng3 Bg6 6.h4 h6 7.f4 e6 8.Nf3 Nd7
9.Ne5 Nxe5 10.fxe5 Ne7 11.h5 Bh7 12.Bc4 Nf5 13.Nxf5 Bxf5 14.O-O Be7 15.c3 Bg5
16.Qf3 O-O 17.g4 Bh7 18.Rf2 b5 19.Bb3 c5 20.dxc5 Rc8 21.Be3 Be7 22.c6 Qc7
23.Bd4 a5 24.a4 b4 25.cxb4 Bxb4 26.Rc1 Rfd8 27.Qe3 Rb8 28.Ba7 Be7 29.Bxb8 Rxb8
30.Qf3 Bh4 31.Re2 g6 32.Rd1 gxh5 33.Rd7 Qb6+ 34.Kh2 Bg6 35.gxh5 Bf5 36.Rg2+
Bg5 37.Rxf7 Qb4 38.Rxf5 Qh4+ 39.Kg1 Qe1+ 40.Kh2 Qh4+ 41.Qh3 Qxh3+ 42.Kxh3
Rxb3+ 43.Kh2 Rb6 44.Rc2 Bd8 45.Rf3 Bc7 46.Rg2+ {#r} 1-0

[Event "It (open)"]
[Site "Lima (Peru)"]
[Round "3"]
[White "Aguilar Juan (PER)"]
[Black "Salazar Carlos (PER)"]
[Result "1-0"]
[WhiteElo "2312"]
[BlackElo "2186"]

1.e4 c6 2.d4 d5 3.Nc3 dxe4 4.Nxe4 Bf5 5.Ng3 Bg6 6.h4 h6 7.f4 e6 8.Nf3 Nd7 9.h5
Bh7 10.Bd3 Bxd3 11.Qxd3 Qc7 12.Ne5 Ngf6 13.Bd2 Be7 14.O-O-O Rf8 15.Kb1 O-O-O
16.Qe2 c5 17.dxc5 Bxc5 18.c4 Nxe5 19.fxe5 Nd7 20.Bc3 Nb6 21.Ne4 Na4 22.Qc2 Qc6
23.Bd2 Rd4 24.Rde1 Rfd8 25.b3 Rxd2 26.Nxd2 Bb4 27.Ne4 Bxe1 28.Rxe1 Nc5 29.Nd6+
Kb8 30.Nxf7 Rd4 31.Nd6 Nd3 32.Rf1 Nxe5 33.Rf8+ Kc7 34.Nb5+ Kd7 35.Nxd4 Qd6
36.Qf2 {#r} 1-0

[Event "Memorial J.Capablanca (c)"]
[Site "Matanzas (Cuba)"]
[Round "13"]
[White "Martin Del Campo Roberto (MEX)"]
[Black "Arribas Maritza (CUB)"]
[Result "1-0"]
[WhiteElo "2420"]
[BlackElo "2200"]

1.e4 c6 2.d4 d5 3.Nd2 dxe4 4.Nxe4 Bf5 5.Ng3 Bg6 6.h4 h6 7.f4 e6 8.Nf3 Nf6
9.Ne5 Bh7 10.Bc4 Bd6 11.Qe2 Bxe5 12.dxe5 Nd5 13.Ne4 Bxe4 14.Qxe4 Nd7 15.Bd2
Qe7 16.O-O-O O-O-O 17.Rh3 Kb8 18.h5 Nc5 19.Qe2 Nb6 20.Rg3 Nxc4 21.Qxc4 Rd5
22.Bb4 Rxd1+ 23.Kxd1 Qd7+ 24.Kc1 Rd8 25.b3 Na6 26.Bd6+ Nc7 27.Rxg7 Kc8 28.Rg3
Nb5 29.Rd3 Qe8 30.g4 Nxd6 31.exd6 Qg8 32.Qc5 Kb8 33.g5 Qg7 34.d7 Qa1+ 35.Kd2
Qf1 36.Qd6+ Ka8 37.Qc7 Qf2+ 38.Kc3 Qc5+ 39.Kb2 Qf8 40.gxh6 f5 41.h7 {#r} 1-0

[Event "It (cat.9)"]
[Site "Ostrava (Czech Republic)"]
[Round "0"]
[White "Fogarasi Tibor (HUN)"]
[Black "Guliev Sarhan (AZE)"]
[Result "0-1"]
[WhiteElo "2440"]
[BlackElo "2523"]

1.e4 c6 2.d4 d5 3.Nd2 dxe4 4.Nxe4 Bf5 5.Ng3 Bg6 6.h4 h6 7.f4 e6 8.Nf3 Nd7 9.h5
Bh7 10.Bd3 Bxd3 11.Qxd3 Ngf6 12.Bd2 Qc7 13.Ne5 c5 14.c3 cxd4 15.cxd4 Be7
16.O-O O-O 17.Rae1 Rad8 18.Kh1 Qb6 19.Nc4 Qb5 20.f5 Nc5 21.Qc3 Na4 22.Qb3 Qxb3
23.axb3 Rxd4 24.fxe6 Rh4+ 25.Kg1 Bc5+ 26.Be3 fxe6 27.Ne5 Bd6 28.Bf2 Bxe5
29.Rxe5 Nxb2 30.Rxe6 Nd3 31.Bxa7 Nf4 32.Re7 Rg4 33.Kh2 Rh4+ 34.Kg1 Rg4 35.Kh2
b5 36.Re5 Rh4+ 37.Kg1 Rg4 38.Kh2 Ra8 39.Be3 Rh4+ 40.Kg1 N4xh5 41.Nxh5 Rxh5
42.Re6 Rd8 43.b4 Ng4 44.Bc5 Rd2 45.Rfe1 Rhd5 46.Re7 Rc2 47.Kf1 Rdd2 48.R7e2
Rxe2 49.Rxe2 Rc1+ 50.Re1 Rxe1+ 51.Kxe1 Kf7 52.Ke2 Ke6 53.Kf3 Kf5 54.Bf8 g6
55.Bg7 h5 56.Bc3 Nf6 57.Bd4 Nd5 58.Bc5 g5 59.Bd6 Nf4 60.Bc5 Ne6 61.Ke3 h4
62.Kf3 g4+ 63.Ke3 Nf4 {#R} 0-1

[Event "Ch Yugoslavia (team) (qual)"]
[Site "Yugoslavia"]
[Round "4"]
[White "Batricevic Jovo (MNE)"]
[Black "Markovic B"]
[Result "1/2-1/2"]
[WhiteElo "2158"]
[BlackElo "2270"]

1.e4 c6 2.d4 d5 3.Nd2 dxe4 4.Nxe4 Bf5 5.Ng3 Bg6 6.h4 h6 7.f4 e6 8.Nf3 Nd7 9.h5
Bh7 10.Bd3 Bxd3 11.Qxd3 Qc7 12.Bd2 Ngf6 13.Ne5 Bd6 14.O-O-O Rf8 15.Qe2 O-O-O
16.Kb1 c5 17.c3 {#d} 1/2-1/2

[Event "It (open) \"]
[Site "Berlin (Germany)"]
[Round "0"]
[White "Berzinsh Roland (LAT)"]
[Black "Seger Ruediger (GER)"]
[Result "1/2-1/2"]
[WhiteElo "2475"]
[BlackElo "2390"]

1.e4 c6 2.d4 d5 3.Nc3 dxe4 4.Nxe4 Bf5 5.Ng3 Bg6 6.h4 h6 7.f4 e6 8.Nf3 Nd7 9.h5
Bh7 10.Bd3 Bxd3 11.Qxd3 Ngf6 12.Bd2 Qc7 13.Ne5 Nxe5 14.dxe5 Nd5 15.O-O-O O-O-O
16.Qe2 Be7 17.a3 c5 18.c4 Nb6 19.Ba5 Qc6 20.Ne4 Rxd1+ 21.Rxd1 Rd8 22.Rxd8+
Kxd8 23.b3 Kc8 24.Bc3 Qc7 25.Qd2 Kb8 26.Nd6 Bf8 27.Ne4 Qd7 28.Qe3 Qc6 29.Kb2
Nc8 30.g4 a6 31.a4 b5 32.axb5 axb5 33.Qd3 bxc4 34.bxc4 Kb7 35.Ba5 Nb6 36.Bxb6
Qxb6+ 37.Kc2 Kc8 38.Nc3 Qc6 39.Kb3 Qd7 40.Qxd7+ Kxd7 41.Ka4 Kc6 42.Ka5 f6
43.Ka6 fxe5 44.fxe5 Be7 45.Nb5 Bg5 46.Na7+ Kc7 47.Kb5 Be3 48.Nc6 Bd4 49.Na5
Bxe5 50.Kxc5 Bf6 51.Nb3 Bb2 52.Nd2 Bf6 53.Ne4 Bb2 54.Kb5 Bd4 55.c5 Be5 56.c6
Bh2 57.Nc5 Kd6 58.Kb6 Kd5 59.Nd7 Ke4 60.Nf8 Kf3 61.Nxe6 Kxg4 62.Nxg7 Kg5
63.Kc5 Bb8 64.Kd5 Kf6 65.Ne6 Kf5 66.Ng7+ Kf6 67.Ne6 Kf5 68.Nf8 Kg5 69.Nd7 Bc7
70.Ke4 Kxh5 71.Nc5 Kg4 {#d} 1/2-1/2

[Event "It"]
[Site "Jakarta (Indonesia)"]
[Round "2"]
[White "Hracek Zbynek (CZE)"]
[Black "Antonio Rogelio Jr (PHI)"]
[Result "1/2-1/2"]
[WhiteElo "2530"]
[BlackElo "2490"]

1.e4 c6 2.d4 d5 3.Nc3 dxe4 4.Nxe4 Bf5 5.Ng3 Bg6 6.h4 h6 7.f4 e6 8.Nf3 Nd7 9.h5
Bh7 10.Bd3 Bxd3 11.Qxd3 Qc7 12.Qe2 Ngf6 13.Bd2 c5 14.O-O-O O-O-O 15.Ne5 Nb6
16.dxc5 Bxc5 17.Kb1 Bd4 18.Nf3 Nc4 19.Nxd4 Rxd4 20.Bc1 Rhd8 21.Rxd4 Rxd4 22.c3
{#d} 1/2-1/2

[Event "It (cat.4)"]
[Site "Madrid (Spain)"]
[Round "5"]
[White "Rojo Huerta Gabriel (ESP)"]
[Black "Garcia Palermo Carlos (ITA)"]
[Result "0-1"]
[WhiteElo "2425"]
[BlackElo "2490"]

1.e4 c6 2.d4 d5 3.Nc3 dxe4 4.Nxe4 Bf5 5.Ng3 Bg6 6.h4 h6 7.f4 e6 8.Nf3 Nf6 9.h5
Bh7 10.Bd3 Bxd3 11.Qxd3 Na6 12.Bd2 Nb4 13.Bxb4 Bxb4+ 14.c3 Bd6 15.Ne5 Qc7
16.Ne4 Nxe4 17.Qxe4 f5 18.Qe2 Bxe5 19.fxe5 O-O-O 20.O-O-O c5 21.Kb1 cxd4
22.Rxd4 Rxd4 23.cxd4 Qd7 24.Rh4 Kb8 25.Rf4 Rc8 26.a3 Qc6 27.Qd2 Qd5 28.g4 Qh1+
29.Ka2 Rc1 30.gxf5 Ra1+ 31.Kb3 Qd5+ 32.Kc2 Rg1 33.fxe6 Rg2 34.e7 Qc4+ {#R} 0-1

[Event "It (open)"]
[Site "Mar del Plata (Argentina)"]
[Round "6"]
[White "Rosito Jorge (ARG)"]
[Black "Guzzardo Rogelio (ARG)"]
[Result "1/2-1/2"]
[WhiteElo "2315"]
[BlackElo "2130"]

1.e4 c6 2.d4 d5 3.Nd2 dxe4 4.Nxe4 Bf5 5.Ng3 Bg6 6.h4 h6 7.f4 Nd7 8.Nf3 Ngf6
9.h5 Bh7 10.Bd3 e6 11.Bxh7 Nxh7 12.Qe2 Qc7 13.Ne5 Nxe5 14.dxe5 O-O-O 15.Bd2
Be7 16.O-O-O Nf8 17.Ne4 Nd7 18.Rh3 Nc5 19.Rg3 Rhg8 20.Nxc5 Bxc5 21.Qc4 Rd5
22.b4 b5 23.Qe4 Be7 24.Bc3 Rgd8 25.Rxd5 cxd5 26.Qd4 Bf8 27.Be1 Kb7 28.Bf2 Qb6
29.Qd2 Qa6 30.Kb2 Ra8 31.Ra3 Qc6 32.Qd4 a5 33.Rxa5 Rxa5 34.bxa5 Qa6 35.Be1 Qc6
36.Bb4 Bxb4 37.Qxb4 Qc4 38.Qxc4 bxc4 39.Kc3 g6 40.g4 gxh5 41.gxh5 Ka7 42.Kb4
Ka6 43.Ka4 Ka7 44.Kb5 Kb7 45.c3 Ka7 46.Kc5 Ka6 47.Kb4 {#d} 1/2-1/2